| 000 | 00539cam a22001575i 4500 | ||
|---|---|---|---|
| 082 |
_a624 _bKHU _cN-01,P161 |
||
| 100 |
_aKhurmi, R.S. _924542 |
||
| 245 | 0 | 0 |
_aCivil engineering _bconventional and objective type _cKhuhrmi |
| 260 |
_aIndia. : _bS. Chand. publishers. _c1998 |
||
| 300 |
_a4 volumes (xxxviii, 3160 pages) : _billustrations (black and white) ; _c24 cm. |
||
| 526 |
_a0 _b0 _c0 _d624_000000000000000_KHU |
||
| 526 |
_a0 _b1 _c0 _d624_000000000000000_KHU |
||
| 650 |
_aMCE _9379 |
||
| 650 |
_aObjective type _938179 |
||
| 942 |
_2ddc _cBK |
||
| 999 |
_c542818 _d542818 |
||